| 000 | 00602nam a22001937a 4500 | ||
|---|---|---|---|
| 005 | 20100813115918.0 | ||
| 010 | _aENG-100315 | ||
| 020 | _c349.00 | ||
| 035 | _aEN-83847 | ||
| 037 | _bDBAD/PUB | ||
| 082 | _a000 | ||
| 245 | _aIntergrated common entrance test for MBA MCA / | ||
| 260 |
_aHyderabad _bNew Vision Publications _c2007 |
||
| 270 |
_aHyderabad _b71 SRT, Vidyanagar, _e500044 |
||
| 300 |
_a1096p. _c26cm (pbk) |
||
| 700 | _912606 | ||
| 942 |
_2ddc _cEN _h000 _mINT |
||
| 999 |
_c41659 _d41659 |
||